000 00712nam a2200229Ia 4500
001 9453
003 GE_BSU
008 181216s||||||||xx |||||||||||||| ||und||
040 _cGE_BSU
080 _a821.353.1–1
100 _aმებურიშვილი,ტაგუ
245 _aიმედის მზე
245 _bლექსები
245 _cრედ. დ.ციგროშვილი.მხატვ.ი.ქლიბაძე
260 _aთბილისი
260 _bსაბჭოთა საქართველო
260 _c1974
300 _a86გვ.16სმ.
653 _aიმედის მზე
653 _aლექსები
942 _cBK
999 _c42747
_d42747